ŠTÚDIUM VÄZBY CHLÓRTETRACYKLÍNU NA 70 S RIBOZÓMY STREPTOMYCES AUREOFACIENS

Bibliographic Details
Main Authors: Kozák, Július (Author), Zelinka, Ján, 1922-2009 (Author)
Format: Article
Language:Slovak

MARC

LEADER 00000nab a2200000uu 4500
001 vtls011440961
003 SK-MaSNL
005 20260303123327.0
008 230213|1976 xo |||||||||||||||||slo|
015 |a SNBRB 
035 |a (urnnbn)urn:nbn:sk:snk:ar-002zo5 
035 |a (uuid)e64c2059-95ac-4bf3-8c37-a33d397de7cb 
035 |a urn:nbn:sk:snk-abcfbc 
040 |a SNKBUCL  |b slo  |c SNKBUCL  |e AACR2 
041 0 |a slo 
044 |a xo  |c SK 
100 1 |a Kozák, Július  |4 aut  |9 376795 
245 1 0 |a ŠTÚDIUM VÄZBY CHLÓRTETRACYKLÍNU NA 70 S RIBOZÓMY STREPTOMYCES AUREOFACIENS  |c Július Kozák, Ján Zelinka 
700 1 |a Zelinka, Ján,  |d 1922-2009  |4 aut  |9 198056 
773 0 |t Biológia : časopis Slovenskej akadémie vied  |g Roč. 31, č. 9 (1976), s. 709-716 
954 |a odborná, vedecká literatúra pôvodná (slovenská)  |2 lita 
958 |a OND 
958 |a EUIPO 
958 |a article16 
999 |c 1925253  |d 1927183